Le plus beau des métiers (Registro nro. 312338)

Detalles MARC
000 -ENCABEZADO
Número de control [NR] 00507 a2200157 4500
005 - FECHA Y HORA DE LA ÚLTIMA TRANSACCIÓN
control field 20190806102637.0
008 - DE LONGITUD FIJA DE DATOS DE ELEMENTOS - INFORMACIÓN GENERAL
Elementos de longitud fija [NR] 190527b1963 fr ||||| |||| 00| 0 fre d
040 ## - FUENTE DE CATALOGACION [NR]
Agencia de catalogación original [NR] CO-BoUCM
Idioma de catalogación [NR] spa
Quien Cataloga Juan Jose Mateus (modificó)
Quien Clasifica Juan Jose Mateus (modificó)
041 1# - CODIGO DE IDIOMA [R]
Código de idioma para texto/pista de sonido o título separado [R] Francés
100 10 - ASIENTO PRINCIPAL--NOMBRE PERSONAL [NR]
Nombre personal [NR] Buron, Robert
ID Autoridad 96470
245 13 - MENCION DE TITULO [NR]
Título [NR] Le plus beau des métiers
260 ## - PUBLICACION, DISTRIBUCION, ETC. (PIE DE IMPRENTA) [R]
Nombre del editor, distribuidor, etc. [R] Plon
Fecha de publicación, distribución, etc. [R] 1963
Lugar de publicación, distribución, etc. [R] París
650 #7 - ASIENTO SECUNDARIO DE MATERIA - TERMINO TEMATICO [R]
9 (RLIN) 340
Término temático o nombre geográfico como elemento de entrada [NR] Ciencia política
942 ## - ELEMENTOS DE ENTRADA AGREGADOS (KOHA)
Tipo de ítem principal el descrito en 300a Libro
Sistema de clasificación DEWEY
Tema principal [No clasificado]
Edición 1
Clasificación 320.944
Parte restante de la signatura top. B967p
Título oculto en OPAC No
Existencias
Total préstamos Signatura topográfica Código de barras Última vez visto Ejemplar Costo de reposición Price effective from Tipo de ítem Perdido Sistema de clasificación Dañado No prestable Tipo de ítem específico Suprimido Ubicación habitual Ubicación actual Localización Fecha de creación Proveedor Forma de adquisición Costo
  320.944 B967p 100160265 09/12/2024 Ej.1 26000.00 08/05/2019 Libro   DEWEY     Libro   BodegaJK Claustro Préstamo 2 días después de solicitado 08/05/2019 12 Donación 0.00